Candy (Record no. 37573)

MARC details
000 -LEADER
fixed length control field 00244nam a2200109Ia 4500
082 ## - DEWEY DECIMAL CLASSIFICATION NUMBER
Classification number 82-3
Item number SOU
100 ## - MAIN ENTRY--AUTHOR NAME
Personal name Southern, Terry
245 #0 - TITLE STATEMENT
Title Candy
260 ## - PUBLICATION, DISTRIBUTION, ETC. (IMPRINT)
Place of publication New York
Name of publisher Dell
Year of publication 1983
942 ## - ADDED ENTRY ELEMENTS (KOHA)
Koha item type Books
Holdings
Withdrawn status Lost status Damaged status Not for loan Home library Current library Date acquired Full call number Accession Number Koha item type
      Write off RRII Library RRII Library 16/12/2021 82-3 SOU 17954 Books